Barcelona - Madrid Players (Since 1902) - Estadísticas

Estadísticas generales
  • Esta prueba ha sido intentada 83 veces
  • La puntuación promedio es 7 de 34
Estadísticas de respuestas
Hint Respuesta % Correcto
2005 Luis Figo
92%
1996 Luis Enrique
78%
2002 Ronaldo Nazario
75%
2022 Marcos Alonso
67%
2004 Eto'o
62%
1994 Laudrup
55%
2007 Saviola
51%
1988 Schuster
41%
1994 Hagi
29%
2000 Albert Celades
25%
1990 Luis Milla
23%
2000 Alfonso Pérez
21%
1994 Lopetegui
18%
1995 Prosinecki
16%
1999 Dani García
12%
1992 Nando Muñoz
12%
1995 Miquel Soler
10%
1930 Ricardo Zamora
10%
1932 Samitier
7%
1980 Amador Lorenzo
4%
1961 Justo Tejada
4%
1965 Lucien Muller
4%
1902 Albéniz
3%
1950 Alfonso Navarro
3%
1962 De Macedo
3%
1909 Enrique Normand
3%
1965 Goyvaerts
3%
1949 Joaquín Navarro
3%
1946 José Canal
3%
1906 José Quirante
3%
1959 Kaszas
3%
1961 Pereda
3%
1913 Rositzky
1%
1939 Marrero
0%
No se encontraron pruebas coincidentes
Distribución de puntuación
Porcentaje de gente con cada puntuación
Porcentaje por número respondido
Historial de tus puntuaciones
No has intentado esta prueba.